Un señor de chocolate treinta relatos de la vida de Quince /
Bewaard in:
| Hoofdauteur: | |
|---|---|
| Formaat: | Onbekend |
| Taal: | Spanish |
| Gepubliceerd in: |
San José, Costa Rica:
Programa de publicaciones e impresiones, Universidad Nacional,
1996
|
| Editie: | 1. edición |
| Onderwerpen: | |
| Tags: |
Voeg label toe
Geen labels, Wees de eerste die dit record labelt!
|
MARC
| LEADER | 000000000a22000000004500 | ||
|---|---|---|---|
| 001 | 001162 | ||
| 008 | 170623s1996 cr ||||| |||| 00| 1 spa d | ||
| 041 | 0 | |a español | |
| 082 | |a CR868.4 |b D912s | ||
| 100 | 1 | |a Duncan, Quince, |d 1940- | |
| 245 | 1 | 3 | |a Un señor de chocolate |b treinta relatos de la vida de Quince / |c Quince Duncan |
| 250 | |a 1. edición | ||
| 260 | |a San José, Costa Rica: |b Programa de publicaciones e impresiones, Universidad Nacional, |c 1996 | ||
| 300 | |a 113 páginas | ||
| 500 | |a Número de inscripción 13455 | ||
| 650 | 1 | 4 | |a LITERATURA COSTARRICENSE |v RELATOS |
| 942 | |2 ddc |c BK | ||
| 999 | |c 2245 |d 2245 | ||
